000 00325nam a2200133Ia 4500
008 240624s9999 xx 000 0 und d
041 _aeng
082 _a650.1 ADA
100 _aADAMS SCOTT
245 _aJOY OF WORK DILBERT S GUIDE TO FINDING H
260 _c2000
_aNew York
_bMacmillan
300 _avii, : 264
365 _cRS
999 _c2324
_d2324